Riadenie vonkajšieho devízového zadlženia

V 1. polroku 1994 zorganizovala Svetová banka (Debt and International Finance Division) regionálny seminár (Sofia, Bulharsko), zameraný na oblasť správy zahraničného zadlženia. Bol určený stredným riadiacim pracovníkom z ministerstiev financií a centrálnych bánk krajín strednej a východnej Európy.

Gespeichert in:
Bibliographische Detailangaben
Format: Buchkapitel
Sprache:Slowakisch
Schlagworte:
Tags: Tag hinzufügen
Keine Tags, Fügen Sie das erste Tag hinzu!

MARC

LEADER 00000naa a2200000 4500
001 r023747
005 20221213113116.2
041 0 |a slo 
044 |a SK 
245 1 0 |a Riadenie vonkajšieho devízového zadlženia 
520 |a V 1. polroku 1994 zorganizovala Svetová banka (Debt and International Finance Division) regionálny seminár (Sofia, Bulharsko), zameraný na oblasť správy zahraničného zadlženia. Bol určený stredným riadiacim pracovníkom z ministerstiev financií a centrálnych bánk krajín strednej a východnej Európy. 
610 2 0 |a zadlženosť zahraničná 
610 2 0 |a Svetová banka 
610 2 0 |a 1994 
610 2 0 |a semináre 
610 2 0 |a Bulharsko